000 00745nam2a2200205 4500
001 RU\NLR\PER_A\003157655_001900
005 20250624122802.0
035 _a(NLR Aleph) 012702141
090 _a12881882
_c12881882
100 _a20220207d2021 |||y0rusy50 ca
101 0 _arus
102 _aRU
200 0 _aТ. 14, № 6 (109)
210 _d2021
_aБ. м.
461 0 _1001RU\NLR\Per\556718
_12001#$aНаноиндустрия$eнаучно-технический журнал$vТ. 14, № 6 (109)
_93071390
_cМосква
_d2007 -
_nВолна
_oнаучно-технический журнал
_tНаноиндустрия
_x1993-8578
_vТ. 14, № 6 (109)
852 _aNLR
_jП11/5443
942 _cISSUE
980 _aNB
980 _aRUSPER